The Middleport prehistoric village site. (Record no. 52790)

MARC details
000 -LEADER
fixed length control field 01060cam a22003131 4500
001 - CONTROL NUMBER
control field s 49000004
003 - CONTROL NUMBER IDENTIFIER
control field DLC
005 - DATE AND TIME OF LATEST TRANSACTION
control field 20260227111912.0
008 - FIXED-LENGTH DATA ELEMENTS--GENERAL INFORMATION
fixed length control field 760309s1948 onca b f000 0 eng c
010 ## - LIBRARY OF CONGRESS CONTROL NUMBER
LC control number s 49000004
035 ## - SYSTEM CONTROL NUMBER
System control number (OCoLC)2040376
040 ## - CATALOGING SOURCE
Original cataloging agency Smithsonian Institution Library.
Transcribing agency TxDaM
Modifying agency DLC
042 ## - AUTHENTICATION CODE
Authentication code premarc
050 00 - LIBRARY OF CONGRESS CALL NUMBER
Classification number QH1
Item number .C13 no. 109
051 ## - LIBRARY OF CONGRESS COPY, ISSUE, OFFPRINT STATEMENT
Classification number E78.O5
Item number W54
051 ## - LIBRARY OF CONGRESS COPY, ISSUE, OFFPRINT STATEMENT
Copy information 2nd set.
051 ## - LIBRARY OF CONGRESS COPY, ISSUE, OFFPRINT STATEMENT
Copy information 3rd set
082 ## - DEWEY DECIMAL CLASSIFICATION NUMBER
Classification number 913.347
100 1# - MAIN ENTRY--PERSONAL NAME
Personal name Wintemberg, W. J.,
Fuller form of name (William John),
Dates associated with a name 1876-
245 14 - TITLE STATEMENT
Title The Middleport prehistoric village site.
260 ## - PUBLICATION, DISTRIBUTION, ETC.
Place of publication, distribution, etc. Ottawa,
Name of publisher, distributor, etc. E. Cloutier, King's Printer,
Date of publication, distribution, etc. 1948.
300 ## - PHYSICAL DESCRIPTION
Extent v, 79 p.
Other physical details illus.
Dimensions 25 cm.
490 1# - SERIES STATEMENT
Series statement Canada. National Museum, Ottawa. Bulletin
Volume/sequential designation no. 109. Anthropological series, no. 27
504 ## - BIBLIOGRAPHY, ETC. NOTE
Bibliography, etc. note Bibliography: p. 42.
651 #0 - SUBJECT ADDED ENTRY--GEOGRAPHIC NAME
Geographic name Ontario
General subdivision Antiquities.
650 #0 - SUBJECT ADDED ENTRY--TOPICAL TERM
Topical term or geographic name entry element Indians of North America
Geographic subdivision Ontario
General subdivision Antiquities.
810 2# - SERIES ADDED ENTRY--CORPORATE NAME
Corporate name or jurisdiction name as entry element National Museum of Canada.
Title of a work Bulletin ;
Volume/sequential designation no. 109.
810 2# - SERIES ADDED ENTRY--CORPORATE NAME
Corporate name or jurisdiction name as entry element National Museum of Canada.
Title of a work Anthropological series ;
Volume/sequential designation no. 27.

No items available.

Powered by Koha